Compartimentos da Matéria Orgânica de Solos sob Floresta no Estado do Acre (Registro n. 340415)
[ somente texto ]
| 000 -LÍDER | |
|---|---|
| fixed length control field | 03177nab a2200301 i 4500 |
| 003 - CÓDIGO MARC DA AGÊNCIA CATALOGADORA | |
| Campo de controle | BR-BrBNA |
| 005 - DATA E HORA DA ÚLTIMA ATUALIZAÇÃO | |
| Campo de controle | 20260317103337.0 |
| 008 - CAMPO DE TAMANHO FIXO | |
| fixed length control field | 260317b2017 bl.ar|pooa||| 00| 0 por | |
| 040 ## - FONTE DA CATALOGAÇÃO | |
| Agência catalogadora | BR-BrBNA |
| Idioma da catalogação | por |
| 072 ## - CATEGORIA AGRIS | |
| Código AGRIS | P33 |
| 100 ## - ENTRADA PRINCIPAL - NOME PESSOAL | |
| Nome pessoal | Fontana, Ademir |
| 100 ## - ENTRADA PRINCIPAL - NOME PESSOAL | |
| Nome pessoal | Pereira, Marcos Gervasio |
| 100 ## - ENTRADA PRINCIPAL - NOME PESSOAL | |
| Nome pessoal | Bernini, Thiago Andrade |
| 100 ## - ENTRADA PRINCIPAL - NOME PESSOAL | |
| Nome pessoal | Anjos, Lúcia Helena Cunha dos |
| 100 ## - ENTRADA PRINCIPAL - NOME PESSOAL | |
| Nome pessoal | Wadt, Paulo Guilherme Salvador |
| 100 ## - ENTRADA PRINCIPAL - NOME PESSOAL | |
| Nome pessoal | Santos, Lauana Lopes dos |
| 245 ## - TÍTULO PRINCIPAL | |
| Título principal | Compartimentos da Matéria Orgânica de Solos sob Floresta no Estado do Acre |
| 500 ## - NOTA GERAL | |
| Nota geral | Publicação on-line; 26 ref.; 4 tables; 4 illus.; Summaries (En, Pt) |
| 942 ## - ADDED ENTRY ELEMENTS (KOHA) | |
| Koha item type | Analítica |
| 520 ## - NOTA DE RESUMO | |
| Nota de conteúdo | <br/><br/>RESUMO<br/><br/>O objetivo deste trabalho foi quantificar os diferentes compartimentos da matéria orgânica de<br/>solos sob floresta no estado do Acre. Perfis de solo foram descritos e coletados nos terços superior,<br/>terço médio e terço inferior da paisagem localizados nos municípios de Sena Madureira, Manoel<br/>Urbano e Feijó, no estado do Acre. Os solos foram caracterizados quanto à composição química,<br/>física, frações húmicas e frações oxidáveis. Os teores de carbono orgânico estão concentrados<br/>nos horizontes superficiais dos solos, destacados pelo decréscimo abrupto em relação aos demais<br/>horizontes. Os teores da argila e de cátions atuam de forma mais efetiva na dinâmica da matéria<br/>orgânica em detrimento à posição na paisagem e classe de solo. As análises multivariadas indicam<br/>maior similaridade entre os pontos de Sena Madureira (T1) e de Feijó (T3), exceto o ponto do<br/>terço superior de Feijó, que é semelhante ao Manoel Urbano (T2).<br/><br/>Palavras-chave: atributos dos solos, frações orgânicas, horizonte superficial.<br/><br/><br/><br/><br/><br/>Organic Matter Compartments from under Forest Soils in the Acre State<br/><br/>ABSTRACT<br/><br/>This study aimed to quantify the different compartments of organic matter from under forest<br/>soils in Acre state. Soil profiles were described and sampled on shoulder, backslope and footslope<br/>landscape positions located in the counties of Sena Madureira, Manoel Urbano and Feijó, Acre<br/>state. Soils were characterized by chemically and physically attribute, humic and oxidizable<br/>fractions. The organic carbon is concentrated in the superficial soil horizons, highlighted by the<br/>sharp decrease in relation to other horizons. The clay and cations act more effectively on organic<br/>matter dynamics than the landscape position and soil class. Multivariate analyzes indicate high<br/>similarity between the sites of Sena Madureira (T1) and Feijó (T3), except the shoulder site from<br/>Feijó, which is similar to Manoel Urbano (T2).<br/><br/>Keywords: soil attributes, organic fractions, surface horizon. |
| 650 ## - ASSUNTO - THESAGRO | |
| Cabeçalho tópico ou nome geográfico | SOLO |
| 650 ## - ASSUNTO - THESAGRO | |
| Cabeçalho tópico ou nome geográfico | MATÉRIA ORGÂNICA |
| 650 ## - ASSUNTO - THESAGRO | |
| Cabeçalho tópico ou nome geográfico | HORIZONTE |
| 650 ## - ASSUNTO - THESAGRO | |
| Cabeçalho tópico ou nome geográfico | FRAÇÃO DO SOLO |
| 773 0# - ENTRADA ANALÍTICA | |
| Host Biblionumber | 2929 |
| Registro do item | 347945 |
| Imprenta | Rio de Janeiro-RJ Instituto de Florestas - UFRRJ 1994 |
| Outro identificador | 2025-0444 |
| Título | Floresta e Ambiente (Brazil) |
| ISSN | 1415-0980 / ISSN 2179-8087 0nline |
| Colação | v. 24 p. 1-8; (2017) |
| Número de controle de registro | BR2026000209 |
| 856 ## - ACESSO E ENDEREÇO ELETRÔNICO | |
| Identificador uniforme de recurso - URI | https://www.scielo.br/j/floram/a/5BjHVrRjjzQvwvGnkbdBtXQ/?format=pdf&lang=pt |
Nenhum exemplar disponível.

BINAGRI